احترف استخدام برنامج Microsoft access 2010 / (رقم التسجيلة. 23908)

تفاصيل مارك
000 -الفاتح
حقل البيانات ثابتة الطول 00687nam a22002057a 4500
003 - محدد رقم الضبط
رقم الضبط OSt
005 - وقت وتاريخ اخر تعامل مع التسجيلة
رقم الضبط 20150408114042.0
008 - عناصر البيانات ثابتة الطول - معلومات عامة
حقل البيانات ثابتة الطول 120531s ua a f |||| 00| 0 ara d
020 ## - الرقم الدولى المعيارى للكتب
الرقم الدولى المعيارى للكتاب 9789772879741
040 ## - مصدر الفهرسة
وكالة الفهرسة الأصلية MU
082 ## - رقم تصنيف ديوى العشرى
رقم الطبعة 21
رقم التصنيف 005.74
رقم المادة ع ع ا
100 ## - المدخل الرئيسى - إسم شخصى
الإسم الشخصى عناني، عمرو.
9 (RLIN) 15407
245 ## - بيان العنوان
العنوان احترف استخدام برنامج Microsoft access 2010 /
بيان المسئوليه,etc إعداد عمرو عناني.
246 31 - العنوان الموازى
عنوان صحيح/عنوان مختصر Microsoft access 2010
260 ## - PUBLICATION, DISTRIBUTION, ETC. (IMPRINT)
مكان الناشر او الموزع القاهرة :
اسم الناشر او الموزع دار الكتب العلمية،
تاريخ النشر أو التوزيع 2010
300 ## - الوصف المادى
التعداد 176 ص. :
تفاصيل ماديه اخرى للوعاء جداول ؛
أبعاد الوعاء 22 سم.
650 ## - المدخل الاضافى بالموضوع-مصطلح موضوعى
مصطلح موضوعي أو اسم جغرافي كعنصر مدخل مايكروسوفت أكسس.
9 (RLIN) 6717
650 ## - المدخل الاضافى بالموضوع-مصطلح موضوعى
مصطلح موضوعي أو اسم جغرافي كعنصر مدخل قواعد البيانات.
942 ## - عناصر المدخل الإضافي( كوها)
مصدر التصنيف او مخطط الترفيف Dewey Decimal Classification
Koha [default] item type DVD
المقتنيات
حالة الفقد نموذج السعر الفعال حالة تلف ليس للاعارة رقم الطلب رقم النسخة تاريخ الاكتساب الموقع الحالي الباركود الفرع الرئيسي Date last seen نوع المادة فى نظام كوها مصدر التصنيف او خطة الترفيف Total Checkouts
  2013-03-10     005.74 ع ع ا ن 1 2012-05-31 المكتبة المركزية بالمجمعة (CL) 00110182 المكتبة المركزية بالمجمعة (CL) 2013-03-10 كتاب Dewey Decimal Classification  
  2013-03-10     005.74 ع ع ا ن 2 2012-05-31 المكتبة المركزية بالمجمعة (CL) 00110181 المكتبة المركزية بالمجمعة (CL) 2013-03-10 كتاب Dewey Decimal Classification  
  2013-03-10     005.74 ع ع ا ن 3 2012-05-31 المكتبة المركزية بالمجمعة (CL) 00110180 المكتبة المركزية بالمجمعة (CL) 2013-03-10 كتاب Dewey Decimal Classification  
  2013-03-10     005.74 ع ع ا ن 1 2012-05-31 مكتبة كلية التربية بالزلفى - طالبات (EZF) 00110177 مكتبة كلية التربية بالزلفى - طالبات (EZF) 2013-03-10 كتاب Dewey Decimal Classification  
  2013-03-10     005.74 ع ع ا ن 2 2012-05-31 مكتبة كلية التربية بالزلفى - طالبات (EZF) 00110176 مكتبة كلية التربية بالزلفى - طالبات (EZF) 2013-03-10 كتاب Dewey Decimal Classification  
  2013-03-10     005.74 ع ع ا ن 1 2012-05-31 مكتبة مجمع الطالبات بالمجمعة (EMF) 00110179 مكتبة مجمع الطالبات بالمجمعة (EMF) 2013-03-10 كتاب Dewey Decimal Classification  
  2013-03-10     005.74 ع ع ا ن 2 2012-05-31 مكتبة مجمع الطالبات بالمجمعة (EMF) 00110178 مكتبة مجمع الطالبات بالمجمعة (EMF) 2013-03-10 كتاب Dewey Decimal Classification  
  2013-03-10     005.74 ع ع ا ن 1 2012-05-31 مكتبة مجمع الكليات بالزلفى - طلاب (SZM) 00110175 مكتبة مجمع الكليات بالزلفى - طلاب (SZM) 2013-03-10 كتاب Dewey Decimal Classification  
  2013-03-10     005.74 ع ع ا ن 2 2012-05-31 مكتبة مجمع الكليات بالزلفى - طلاب (SZM) 00110174 مكتبة مجمع الكليات بالزلفى - طلاب (SZM) 2013-03-10 كتاب Dewey Decimal Classification